000 01007nam a22003257a 4500
001 BR2012001923
003 BR-BrBNA
005 20230928103933.0
007 ta
008 230509b bl.||||| |||| 00| 0 por d
040 _aBR-BrBNA
_bpor
_cBiblioteca Nacional de Agricultura
041 _a(Por)
072 _aP34; T01
_b1959
090 _ 1959 BR2012001923
100 1 _aRangel, W. de M.
110 1 _aUniversidade Federal de Lavras, MG (Brasil)
_0Tese (Mestrado)
245 1 _aSimbioses de fungos micorrízicos arbusculares e de rizóbio com leguminosas em solo contaminado com arsênio
260 3 _aLavras, MG (Brasil):
_c2011.
300 _a121 p.
500 _aSummaries (Eng, Por); Several bibliography; 9 tables; 7 illus.
650 _aLEGUMINOSA TROPICAL
650 _aSIMBIOSE
650 _aMICORRIZA VESICULAR ARBUSCULAR
650 _aRHIZOBIUM
650 _aSOLO
650 _aCONTAMINAÇÃO
650 _aARSÊNICO
909 _a202309
_bLucia
_c55
_dLucia Elande
942 _cBK
999 _c77321
_d77321